<?xml version="1.0" encoding="UTF-8"?>
<record
    xmlns:xsi="http://www.w3.org/2001/XMLSchema-instance"
    xsi:schemaLocation="http://www.loc.gov/MARC21/slim http://www.loc.gov/standards/marcxml/schema/MARC21slim.xsd"
    xmlns="http://www.loc.gov/MARC21/slim">

  <leader>01055nam0a22002531  4500</leader>
  <controlfield tag="001">rc\4234042</controlfield>
  <controlfield tag="005">20260406121100.0</controlfield>
  <datafield tag="021" ind1=" " ind2=" ">
    <subfield code="a">RU</subfield>
    <subfield code="b">&#x420;&#x433;9006-60</subfield>
  </datafield>
  <datafield tag="035" ind1=" " ind2=" ">
    <subfield code="a">(NLR Aleph) 008227940</subfield>
  </datafield>
  <datafield tag="090" ind1=" " ind2=" ">
    <subfield code="a">8197896</subfield>
    <subfield code="c">8197896</subfield>
  </datafield>
  <datafield tag="100" ind1=" " ind2=" ">
    <subfield code="a">20130416d1960    |||y0rusy50      ca</subfield>
  </datafield>
  <datafield tag="101" ind1="0" ind2=" ">
    <subfield code="a">rus</subfield>
  </datafield>
  <datafield tag="102" ind1=" " ind2=" ">
    <subfield code="a">RU</subfield>
  </datafield>
  <datafield tag="105" ind1=" " ind2=" ">
    <subfield code="a">y   z   |||||</subfield>
  </datafield>
  <datafield tag="200" ind1="1" ind2=" ">
    <subfield code="a">&#x422;&#x435;&#x437;&#x438;&#x441;&#x44B; &#x434;&#x43E;&#x43A;&#x43B;&#x430;&#x434;&#x43E;&#x432; &#x43D;&#x430; VI &#x41F;&#x43B;&#x435;&#x43D;&#x430;&#x440;&#x43D;&#x43E;&#x43C; &#x437;&#x430;&#x441;&#x435;&#x434;&#x430;&#x43D;&#x438;&#x438; &#x43A;&#x43E;&#x43C;&#x438;&#x441;&#x441;&#x438;&#x438;, &#x43F;&#x43E;&#x441;&#x432;&#x44F;&#x449;&#x435;&#x43D;&#x43D;&#x43E;&#x43C; &#x441;&#x43E;&#x432;&#x440;&#x435;&#x43C;&#x435;&#x43D;&#x43D;&#x43E;&#x439; &#x43F;&#x440;&#x43E;&#x431;&#x43B;&#x435;&#x43C;&#x430;&#x442;&#x438;&#x43A;&#x435; &#x43B;&#x435;&#x43A;&#x441;&#x438;&#x43A;&#x43E;&#x43B;&#x43E;&#x433;&#x438;&#x438; &#x438; &#x441;&#x435;&#x43C;&#x430;&#x441;&#x438;&#x43E;&#x43B;&#x43E;&#x433;&#x438;&#x438; 19-21 &#x43E;&#x43A;&#x442;&#x44F;&#x431;&#x440;&#x44F; 1960 &#x433;&#x43E;&#x434;&#x430;</subfield>
    <subfield code="f">&#x410;&#x43A;&#x430;&#x434;. &#x43D;&#x430;&#x443;&#x43A; &#x421;&#x421;&#x421;&#x420;. &#x41E;&#x442;&#x434;-&#x43D;&#x438;&#x435; &#x43B;&#x438;&#x442;&#x435;&#x440;&#x430;&#x442;&#x443;&#x440;&#x44B; &#x438; &#x44F;&#x437;&#x44B;&#x43A;&#x430;. &#x421;&#x43B;&#x43E;&#x432;&#x430;&#x440;&#x43D;&#x430;&#x44F; &#x43A;&#x43E;&#x43C;&#x438;&#x441;.</subfield>
  </datafield>
  <datafield tag="210" ind1=" " ind2=" ">
    <subfield code="a">&#x41C;&#x43E;&#x441;&#x43A;&#x432;&#x430;</subfield>
    <subfield code="c">&#x411;. &#x438;.</subfield>
    <subfield code="d">1960</subfield>
  </datafield>
  <datafield tag="215" ind1=" " ind2=" ">
    <subfield code="a">[1], 42 &#x441;.</subfield>
    <subfield code="d">20</subfield>
  </datafield>
  <datafield tag="300" ind1=" " ind2=" ">
    <subfield code="a">&#x41E;&#x442;&#x43F;&#x435;&#x447;. &#x43C;&#x43D;&#x43E;&#x436;&#x438;&#x442;. &#x430;&#x43F;&#x43F;&#x430;&#x440;&#x430;&#x442;&#x43E;&#x43C;</subfield>
  </datafield>
  <datafield tag="710" ind1="0" ind2="2">
    <subfield code="a">&#x410;&#x41D; &#x421;&#x421;&#x421;&#x420;</subfield>
    <subfield code="b">&#x421;&#x43B;&#x43E;&#x432;&#x430;&#x440;&#x43D;&#x430;&#x44F; &#x43A;&#x43E;&#x43C;&#x438;&#x441;&#x441;&#x438;&#x44F;</subfield>
    <subfield code="3">RU\NLR\AUTH\8813614</subfield>
    <subfield code="9">300266</subfield>
  </datafield>
  <datafield tag="801" ind1=" " ind2="0">
    <subfield code="a">RU</subfield>
    <subfield code="b">NLR</subfield>
    <subfield code="g">psbo</subfield>
  </datafield>
  <datafield tag="801" ind1=" " ind2="1">
    <subfield code="a">RU</subfield>
    <subfield code="b">ELAR</subfield>
    <subfield code="2">rusmarc</subfield>
  </datafield>
  <datafield tag="852" ind1=" " ind2=" ">
    <subfield code="a">NLR</subfield>
    <subfield code="j">60-4/13591</subfield>
  </datafield>
  <datafield tag="942" ind1=" " ind2=" ">
    <subfield code="c">BOOK</subfield>
  </datafield>
  <datafield tag="980" ind1=" " ind2=" ">
    <subfield code="a">NB</subfield>
  </datafield>
  <datafield tag="995" ind1=" " ind2=" ">
    <subfield code="5">2013-10-26</subfield>
    <subfield code="b">NLR01</subfield>
    <subfield code="c">NLR01</subfield>
    <subfield code="e">RF31</subfield>
    <subfield code="f">8227940-10</subfield>
    <subfield code="k">60-4/13591</subfield>
    <subfield code="o">0</subfield>
    <subfield code="r">BOOK</subfield>
    <subfield code="s">60413591_</subfield>
  </datafield>
</record>
